Statistiques concernant Villes de Picardie par département

Cliquez ici pour prendre le quiz!

Statistiques générales

  • Ce quiz a été pris 36 fois
  • Le résultat moyen est 10 sur 15

Statistiques - réponses

VillePopulation% Correct
Amiens133 625
100%
Beauvais56 677
94%
Compiègne40 394
84%
Saint-Quentin52 958
84%
Abbeville22 595
81%
Laon24 021
81%
Creil36 106
78%
Soissons28 705
78%
Senlis15 255
63%
Château-Thierry15 204
56%
Péronne7 291
56%
Albert9 781
47%
Nogent-sur-Oise21 382
38%
Tergnier13 441
38%
Corbie6 177
22%

Distribution des résultats

Percentile par nombre de réponses

% des personnes avec chaque résultat

Votre développement - résultats

Vous n’avez pas pris ce quiz